| 000 -ლიდერი |
| ფიქსირებული სიგრძის საკონტროლო ველი |
02040nam a22002777a 4500 |
| 003 - საკონტროლო ნომრის იდენტიფიკატორი |
| საკონტროლო ველი |
Ge_BSU |
| 005 - ბოლო ოპერაციის თარიღი და დრო |
| საკონტროლო ველი |
20200609113808.0 |
| 008 - ფიქსირებული სიგრძის მონაცემთა ელემენტები - ზოგადი ინფორმაცია |
| ფიქსირებული სიგრძის საკონტროლო ველი |
200609s2015 ge ||||| |||| 00| 0 geo d |
| 020 ## - წიგნის საერთაშორისო სტანდარტული ნომერი |
| International Standard Book Number |
9789941182587 |
| 041 ## - ენის კოდი |
| Language code of text/sound track or separate title |
geo |
| 080 ## - უნივერსალური ათობითი კლასიფიკაციის ინდექსი |
| Universal Decimal Classification number |
004.9:338.48 ბ-48 |
| 100 ## - მთავარი ჩანაწერი - პიროვნების სახელი |
| Personal name |
ბენკენდორფი, პიერ. |
| 9 (RLIN) |
8323 |
| 245 ## - ცნობა სათაურის შესახებ |
| Title |
ტურიზმის საინფორმაციო ტექნოლოგიები / |
| Statement of responsibility, etc |
პიერ ბენკენდორფი, პაულინ შელდონი, დანიელ ფეზენმაიერი ; მთარგმნელები: თამარ გამყრელიძე, გიორგი ციმინტია ; ტექსტის რედაქტორი მანანა ბალიაშვილი. |
| 264 ## - წარმოების, გამოცემის, დისტრიბუციის და სხვა ცნობები |
| გამოცემის, წარმოების, დისტრიბუციის... ადგილი |
თბილისი : |
| გამოცემის, წარმოების, დისტრიბუციის... სახელწოდება |
ილიას სახელმწ. უნ-ტი, |
| გამოცემის, წარმოების, დისტრიბუციის... თარიღი |
2015. |
| 300 ## - ფიზიკური აღწერა |
| Extent |
510 გვ. : |
| Other physical details |
სურ., ცხრ. ; |
| Dimensions |
24 სმ. |
| 500 ## - ზოგადი შენიშვნა |
| General note |
დაფინანსებულია საქართველოში აშშ-ს საელჩოს წიგნების თარგმნის პროგრამის ფარგლებში. |
| 504 ## - BIBLIOGRAPHY, ETC. NOTE |
| Bibliography, etc |
ბიბლიოგრ. თავების ბოლოს. |
| 653 ## - INDEX TERM--UNCONTROLLED |
| Uncontrolled term |
საინფორმაციო ტექნოლოგიების გამოყენება ტურიზმის სფეროში |
| 653 ## - INDEX TERM--UNCONTROLLED |
| Uncontrolled term |
ტურიზმთან დაკავშირებული მომსახურება |
| 653 ## - INDEX TERM--UNCONTROLLED |
| Uncontrolled term |
ტურიზმი |
| 700 ## - ADDED ENTRY--PERSONAL NAME |
| Personal name |
ფეზენმაიერი, დანიელ |
| Relator term |
ავტორი |
| 9 (RLIN) |
8324 |
| 700 ## - ADDED ENTRY--PERSONAL NAME |
| Personal name |
გამყრელიძე, თამარ |
| Relator term |
ავტორი |
| 9 (RLIN) |
8325 |
| 700 ## - ADDED ENTRY--PERSONAL NAME |
| Personal name |
ციმინტია, გიორგი |
| Relator term |
მთარგმნელი |
| 9 (RLIN) |
8326 |
| 700 ## - ADDED ENTRY--PERSONAL NAME |
| Personal name |
ბალიაშვილი, მანანა |
| Relator term |
რედაქტორი |
| 9 (RLIN) |
1339 |
| 942 ## - ADDED ENTRY ELEMENTS (KOHA) |
| Source of classification or shelving scheme |
|
| Koha item type |
წიგნი |